000 01551nam a2200301 4500
003 EC-UNACH
005 20251203114938.0
006 s||||gr|||| 00| 00
008 150116t9999 mx r gr 000 0 spa d
020 _a978-9978-67-188-7
040 _aEC-UNACH
_cEC-UNACH
041 _aspa
082 0 4 _223
_a302.2
_bL018407
110 _aFlacso
245 _aTemas actuales y tendencias en la ciencia política
250 _aPrimera edición
264 _aEcuador
_bFlacso
_c2008
300 _a205
505 _aPresentación Introducción . Simón Pachano Tendencias de la ciencia política en Norteamérica y diálogos con la ciencia política en América Latina . . Jonathan Hartlyn Procesos organizativos en el MAS y en Pachakutik: Dilemas inacabados . . Sofía Cordero Sistema de partidos y voto regional en Ecuador: Un análisis a partir de las elecciones de 2006 . . Margarita C. Batlle Democracia directa en Latinoamérica: entre la delegación y la participación . . Alicia Lissidini Democracia directa en Ecuador . . Simón Pachano Las organizaciones políticas étnicas en Colombia: Los indígenas y las elecciones 1990-2006 . . Javier Duque Innovaciones participativas y poder popular en Venezuela . . Margarita López Maya
650 _aPROCESOS ORGANIZATIVOS
650 _aSISTEMA DE PARTIDOS
650 _aDEMOCRACIA DIRECTA
700 _aSimón Pachana
942 _2ddc
_c1
999 _c14238